ბათუმის შოთა რუსთაველის სახელმწიფო უნივერსიტეტის ბიბლიოთეკა

Mechatronics : (ბიბ.ჩანაწერი № 57514)

000 -LEADER
fixed length control field 01168cam a22003378i 4500
001 - CONTROL NUMBER
control field 18344213
005 - DATE AND TIME OF LATEST TRANSACTION
control field 20200701133217.0
008 - FIXED-LENGTH DATA ELEMENTS--GENERAL INFORMATION
fixed length control field 141022s2015 enk b 001 0 eng
010 ## - LIBRARY OF CONGRESS CONTROL NUMBER
LC control number 2014041487
020 ## - INTERNATIONAL STANDARD BOOK NUMBER
International Standard Book Number 9781292076683
040 ## - CATALOGING SOURCE
Original cataloging agency DLC
Language of cataloging eng
Transcribing agency DLC
Description conventions rda
042 ## - AUTHENTICATION CODE
Authentication code pcc
050 00 - LIBRARY OF CONGRESS CALL NUMBER
Classification number TJ163.12
Item number .B65 2015
080 ## - UNIVERSAL DECIMAL CLASSIFICATION NUMBER
Universal Decimal Classification number 621 B-74
082 00 - DEWEY DECIMAL CLASSIFICATION NUMBER
Classification number 621
Edition number 23
100 1# - MAIN ENTRY--PERSONAL NAME
Personal name Bolton, W.
Fuller form of name (William),
Dates associated with a name 1933-
9 (RLIN) 8936
245 10 - TITLE STATEMENT
Title Mechatronics :
Remainder of title a multidisciplinary approach /
Statement of responsibility, etc. William Bolton.
250 ## - EDITION STATEMENT
Edition statement Sixth edition.
263 ## - PROJECTED PUBLICATION DATE
Projected publication date 1503
264 #1 - PRODUCTION, PUBLICATION, DISTRIBUTION, MANUFACTURE, AND COPYRIGHT NOTICE
Place of production, publication, distribution, manufacture Harlow, England ;
-- New York :
Name of producer, publisher, distributor, manufacturer Pearson,
Date of production, publication, distribution, manufacture, or copyright notice 2015.
300 ## - PHYSICAL DESCRIPTION
Extent pages cm
336 ## - CONTENT TYPE
Content type term text
Content type code txt
Source rdacontent
337 ## - MEDIA TYPE
Media type term unmediated
Media type code n
Source rdamedia
338 ## - CARRIER TYPE
Carrier type term volume
Carrier type code nc
Source rdacarrier
504 ## - BIBLIOGRAPHY, ETC. NOTE
Bibliography, etc. note Includes bibliographical references and index.
650 #0 - SUBJECT ADDED ENTRY--TOPICAL TERM
Topical term or geographic name entry element Mechatronics.
9 (RLIN) 8937
653 ## - INDEX TERM--UNCONTROLLED
keyword ელექტრონული კონტროლის სისტემები მექანიკაში და ელექტროენერგიაში
906 ## - LOCAL DATA ELEMENT F, LDF (RLIN)
a 7
b cbc
c orignew
d 1
e ecip
f 20
g y-gencatlg
942 ## - ADDED ENTRY ELEMENTS (KOHA)
Source of classification or shelving scheme
Koha item type წიგნი
ეგზემპლარები
Withdrawn status Lost status Source of classification or shelving scheme Damaged status Not for loan Permanent Location Current Location Shelving location Date acquired Cost, normal purchase price Full call number Barcode Date last seen Copy number Price effective from Koha item type Public note
          ბათუმის შოთა რუსთაველის სახელმწიფო უნივერსიტეტის მთავარი ბიბლიოთეკა ბათუმის შოთა რუსთაველის სახელმწიფო უნივერსიტეტის მთავარი ბიბლიოთეკა წიგნსაცავი 2020-07-01 222.00 621 B-74 60713 2020-07-01 60713 2020-07-01 წიგნი 222 ლ.